Statistiques concernant Les villes les plus sûres au monde

Cliquez ici pour prendre le quiz!

Statistiques générales

  • Ce quiz a été pris 117 fois
  • Le résultat moyen est 9 sur 20

Statistiques - réponses

#IndiceRéponse% Correct
192.0Tokyo
74%
887.4Séoul
61%
1286.5Stockholm
61%
887.4Copenhague
59%
587.9Sydney
57%
1485.7Londres
54%
291.5Singapour
53%
390.9Osaka
49%
1585.5New York
46%
687.8Toronto
46%
1884.5Zurich
46%
488.0Amsterdam
44%
1087.3Melbourne
44%
1785.4Los Angeles
40%
787.6Washington
33%
2083.7Hong Kong
31%
1186.7Chicago
29%
1385.9San Francisco
28%
1884.5Wellington
26%
1685.4Francfort-sur-le-Main
8%

Distribution des résultats

Percentile par nombre de réponses

% des personnes avec chaque résultat

Votre développement - résultats

Vous n’avez pas pris ce quiz